| 000 | 00613nam a22001937a 4500 | ||
|---|---|---|---|
| 003 | OSt | ||
| 005 | 20140310181912.0 | ||
| 008 | 130713t xxu||||| |||| 00| 0 eng d | ||
| 020 | _a0915793814 | ||
| 050 |
_aHQ 796 _b.Sc355 1995 |
||
| 082 |
_aTR 305.23 _bSc 1995 |
||
| 245 |
_aA leader's guide to fighting invisible tigers: (a stress management guide for teens] and lifeskills development / _cConnie C. Schmitz, Ph. D |
||
| 260 |
_aMinneapolis: _bFree Spirit Publishers Inc, _cc1995. |
||
| 300 |
_a129 p., _c27.8 cm. |
||
| 521 | _aFaculty | ||
| 541 | _j1 | ||
| 562 | _e1 | ||
| 942 |
_2lcc _cBK-TR _kTR |
||
| 999 |
_c6558 _d6558 |
||